| 000 | 00745nam a2200253 a 4500 | ||
|---|---|---|---|
| 001 | 6259 | ||
| 003 | BD-RjUL | ||
| 005 | 20211208234220.0 | ||
| 008 | 140109s1983 nyua b 001 0 eng d | ||
| 020 | _a0070267510 : | ||
| 035 | _a(BD-RjUL)6299 | ||
| 040 |
_aDLC _cDLC _dDLC _dBD-RjUL _beng |
||
| 041 | _aeng | ||
| 082 | 0 | 0 |
_219 _a001.553 _bHAC 1983 |
| 100 | 1 |
_aHarrington, Steven. _91233 |
|
| 245 | 1 | 0 |
_aComputer graphics : _ba programming approach / _cSteven Harrington. |
| 260 |
_aNew York : _bMcGraw-Hill, _cc1983. |
||
| 300 |
_axv, 448 p. : _bill. ; _c25 cm. |
||
| 504 | _aIncludes bibliographies and index. | ||
| 650 | 0 |
_aComputer graphics. _919685 |
|
| 650 | 0 |
_aComputer programming. _919686 |
|
| 942 |
_2ddc _cBK |
||
| 999 |
_c6259 _d6259 |
||